Top 10 - World's best footballers ever - Statistics

General Stats
  • This quiz has been taken 716 times
    688 since last reset
  • The average score is 5 of 10
Answer Stats
Hint Answer % Correct
4 Fat Ronaldo
97%
9 Lionel Messi
96%
6 Pelé
92%
5 Diego Maradona
83%
7 Cristiano Ronaldo
72%
10 Neymar Dos Santos Jr
31%
8 Zlatan Ibrahimovic
12%
3 Emile Heskey
7%
1 Danny 'Next Pelé' Welbeck
6%
2 Tom Cleverley
4%
No matching quizzes found
Score Distribution
Percent of People with Each Score
Percentile by Number Answered
Your Score History
You have not taken this quiz since the last reset